New housing pipeline (Record no. 113331)

MARC details
000 -LEADER
fixed length control field 01063cad a22001935a 4500
001 - CONTROL NUMBER
control field L155118
008 - FIXED-LENGTH DATA ELEMENTS--GENERAL INFORMATION
fixed length control field 110302s2012 xxk f 000 0 eng d
035 ## - SYSTEM CONTROL NUMBER
System control number (Sirsi) u155118
041 0# - LANGUAGE CODE
Language code of text/sound track or separate title eng
110 2# - MAIN ENTRY--CORPORATE NAME
Corporate name or jurisdiction name as entry element Home Builders Federation
9 (RLIN) 4896
245 00 - TITLE STATEMENT
Title New housing pipeline
Remainder of title Q4 2011 report
Medium [electronic resource]
260 ## - PUBLICATION, DISTRIBUTION, ETC.
Place of publication, distribution, etc. London
Name of publisher, distributor, etc. home Builders Federation
Date of publication, distribution, etc. 2012
520 ## - SUMMARY, ETC.
Summary, etc. Report for fourth quarter of 2011 shows how approvals for just 27 732 homes were granted in England in the Q4 of 2011, a fall on the same period a year earlier. This means the total number of permissions granted in 2011 was the lowest since HBF started the survey in 2007. These figures reveal the potential for the housing crisis to intensify with fewer homes in England being built than at any time since the 1920s.
590 ## - LOCAL NOTE (RLIN)
Local note KA NTK
651 #4 - SUBJECT ADDED ENTRY--GEOGRAPHIC NAME
Geographic name United Kingdom
690 ## - LOCAL SUBJECT ADDED ENTRY--TOPICAL TERM (OCLC, RLIN)
Topical term or geographic name as entry element Planning and development
9 (RLIN) 6259
856 40 - ELECTRONIC LOCATION AND ACCESS
Uniform Resource Identifier <a href="https://www.hbf.co.uk/uploads/media/Housing_pipeline_report_Q4_2011_-_March_2012.pdf">https://www.hbf.co.uk/uploads/media/Housing_pipeline_report_Q4_2011_-_March_2012.pdf</a>
Public note View the report free of charge at www.hbf.co.uk
942 ## - ADDED ENTRY ELEMENTS (KOHA)
Suppress in OPAC 0
Holdings
Withdrawn status Lost status Source of classification or shelving scheme Damaged status Not for loan Home library Current library Shelving location Date acquired Total Checkouts Full call number Barcode Date last seen Copy number Price effective from Koha item type
    Dewey Decimal Classification     Virtual Virtual Online 02/03/2012   ONLINE PUBLICATION 155118-2001 06/08/2019 1 06/08/2019 Book